Ilustrísimos señores : cartas del patriarca de Venecia /

Bibliographic Details
Main Author: John Paul I, Pope, 1912-1978
Format: Book
Language:Spanish
Published: Madrid : Biblioteca de Autores Cristianos, 1978.
Edition:6a ed.
Series:Bac Minor ; 47.
Subjects:

MARC

Tag First Indicator Second Indicator Subfields
LEADER 00000cam a2200000 a 4500
001 in00000028140
005 20151007060007.0
008 880907s1978 sp 00110 spa d
020 |a 8422008777 
035 |a (OCoLC)18451094 
035 |9 AAB9831AM 
040 |a TXA  |c TXA  |d UtOrBLW 
041 1 |a spa  |h ita 
049 |a TXAM  |c [A12555000] 
050 4 |a BR123  |b .J63 1978 
100 0 |a John Paul  |b I,  |c Pope,  |d 1912-1978. 
240 1 0 |a Illustrissimi.  |l Spanish 
245 1 0 |a Ilustrísimos señores :  |b cartas del patriarca de Venecia /  |c  Albino Luciani. 
250 |a 6a ed. 
264 1 |a Madrid :  |b Biblioteca de Autores Cristianos,  |c 1978. 
300 |a xviii, 326 pages ;  |c 18 cm. 
336 |a text  |b txt  |2 rdacontent 
337 |a unmediated  |b n  |2 rdamedia 
338 |a volume  |b nc  |2 rdacarrier 
490 1 |a BAC minor ;  |v 47 
500 |a Translation of: Illustrissimi. 
500 |a Includes index. 
650 0 |a Christianity  |y 20th century. 
650 0 |a Imaginary letters. 
830 0 |a Bac Minor ;  |v 47. 
999 |a MARS 
999 f f |s 9c82a867-dcbf-39f0-bb20-2162ca832225  |i a1c7fad9-f716-3a8f-a8f4-1a6059033da6  |t 0 
952 f f |p ric  |a Texas A&M University  |b Rellis Campus  |c Joint Library Facility  |d Remote Storage  |t 0  |e BR123 .J63 1978  |h Library of Congress classification  |i unmediated -- volume  |m A14812555000 
998 f f |a BR123 .J63 1978  |t 0  |l Remote Storage